Т. 3; Органическая химия

Detalles Bibliográficos
Parent link:Органическая химия: учебное пособие для вузов/ В. Ф. Травень. Т. 3.— 2-е изд., перераб. и доп..— , 2013-.— 978-5-9963-0357-1
Summary:Первое издание учебника «Органическая химия», изданного в 2004 году, получило заслуженное признание среди студентов и преподавателей. Вместе с тем, переход на двухуровневую систему высшего образования предъявляет новые требования к содержанию учебников, что явилось причиной существенной переработки книги. В настоящем, втором издании, учебный материал систематизирован с учетом степени глубины изучения предмета: для начального освоения дисциплины в основных разделах излагаются фундаментальные сведения, а специализирующимся в области органической химии и продолжающим обучение после получения степени бакалавра адресованы разделы «Для углубленного изучения». Вто рое издание учебника подготовлено в комплекте с задачником (В. Ф. Травень, А. Ю. Сухорукое, Н. А. Кондратова «Задачи по органической химии») и практикумом (В. Ф. Травень, А. Е. Щекотихин «Практикум по органической химии»). Данный набор учебных изданий обеспечивает двухуровневое изложение учебного материала и в настоящее время не имеет аналогов.
Idioma:ruso
Publicado: 2013
Subjects:
Formato: MixedMaterials Libro
KOHA link:https://koha.lib.tpu.ru/cgi-bin/koha/opac-detail.pl?biblionumber=197435

MARC

LEADER 00000nam2a2200000 4500
001 197435
005 20231101224745.0
010 |a 9785996304127 
035 |a (RuTPU)RU\TPU\book\215365 
090 |a 197435 
100 |a 20110610d2013 m y0rusy50 ca 
101 0 |a rus 
102 |a RU 
105 |a a j 001zy 
200 0 |a Т. 3 
210 |d 2013 
215 |a 388 с.  |c ил. 
320 |a Предм. указ.: с. 359-388. 
330 |a Первое издание учебника «Органическая химия», изданного в 2004 году, получило заслуженное признание среди студентов и преподавателей. Вместе с тем, переход на двухуровневую систему высшего образования предъявляет новые требования к содержанию учебников, что явилось причиной существенной переработки книги. В настоящем, втором издании, учебный материал систематизирован с учетом степени глубины изучения предмета: для начального освоения дисциплины в основных разделах излагаются фундаментальные сведения, а специализирующимся в области органической химии и продолжающим обучение после получения степени бакалавра адресованы разделы «Для углубленного изучения». Вто рое издание учебника подготовлено в комплекте с задачником (В. Ф. Травень, А. Ю. Сухорукое, Н. А. Кондратова «Задачи по органической химии») и практикумом (В. Ф. Травень, А. Е. Щекотихин «Практикум по органической химии»). Данный набор учебных изданий обеспечивает двухуровневое изложение учебного материала и в настоящее время не имеет аналогов. 
461 1 |0 (RuTPU)RU\TPU\book\249762  |y 978-5-9963-0357-1  |t Органическая химия  |o учебное пособие для вузов  |o в 3 т.  |f В. Ф. Травень  |v Т. 3  |e 2-е изд., перераб. и доп.  |d 2013-  |s Учебник для высшей школы 
606 1 |a Органическая химия  |2 stltpush  |3 (RuTPU)RU\TPU\subj\47309  |9 66362 
610 1 |a учебные пособия 
610 1 |a карбоновые кислоты 
610 1 |a сульфоновые кислоты 
610 1 |a нитросоединения 
610 1 |a амины 
610 1 |a диазосоединения 
610 1 |a гетероциклические соединения 
610 1 |a углеводы 
610 1 |a аминокислоты 
610 1 |a пептиды 
610 1 |a белки 
610 1 |a нуклеиновые кислоты 
675 |a 547(075.8)  |v 3 
801 1 |a RU  |b 63413507  |c 20110610 
801 2 |a RU  |b 63413507  |c 20210824  |g RCR 
900 |a Органическая химия 
942 |c BK 
951 |l 8 
959 |a 60/20110607  |d 2  |e 0,00  |f ЧЗТЛ:1  |f АНЛ:1